|
|
|
|
| LEADER |
00000nab a2200000 a 4500 |
| 001 |
vtls000661695 |
| 003 |
SK-MaSNL |
| 005 |
20260417094140.0 |
| 008 |
180207c1998 xo 0 slo |
| 015 |
|
|
|a SNBRB1998/05-13423
|
| 035 |
|
|
|a CLN000013884
|
| 040 |
|
|
|a SNKBUCL
|b slo
|c SNKBUCL
|e AACR2
|
| 041 |
0 |
|
|a slo
|
| 044 |
|
|
|a xo
|c SK
|
| 080 |
|
|
|a 631.115.6:061.25(437.6)
|2 UDC-MRF-SK2
|
| 080 |
|
|
|a 338.43(437.6)
|2 UDC-MRF-SK2
|
| 080 |
|
|
|a 631(437.6)
|2 UDC-MRF-SK2
|
| 245 |
0 |
0 |
|a Zo 4. zasadania Republikovej rady ZPD SR
|
| 300 |
|
|
|b Fotogr.
|
| 610 |
|
7 |
|a Zväz poľnohospodárskych družstiev Slovenskej republiky
|b Predstavenstvo
|2 snkbucl
|9 158225
|
| 650 |
0 |
7 |
|a poľnohospodárstvo
|z Slovensko
|2 snkbucl
|9 305092
|
| 655 |
|
7 |
|a články z novín a časopisov
|2 snkbucl
|9 267496
|
| 773 |
0 |
|
|t Roľnícke noviny
|g Č. 90 (14.5.1998)
|
| 773 |
0 |
|
|t [Príl.] Informačný spravodajca ZPD SR
|g Roč. 5, č. 3 (1998), s. 1-3
|
| 850 |
|
|
|a Slovenská národná knižnica v Martine
|
| 852 |
|
|
|a SNK
|b KIS3GCP
|
| 958 |
|
|
|a RBX
|
| 999 |
|
|
|c 1697513
|d 1699443
|